Statistiques concernant Quiz Lore de Street Fighter (2)

Cliquez ici pour prendre le quiz!

Statistiques générales

  • Ce quiz a été pris 5 fois
  • Le résultat moyen est 12 sur 20

Statistiques - réponses

QuestionRéponse% Correct
Maitrise le Karaté RindoukanMakoto
100%
Ne combat pas avec une armeAkira
80%
Est un boxeur particulièrement avide d'argentBalrog (boxeur)
80%
N'a pas été l'objet d'une expérience des IlluminatiEd
80%
N'est pas membre des ThunderfootEl Fuerte
80%
Il existe un flou quand à son sexe d'originePoison
80%
A un mystérieux lien avec GQ
80%
n'a pas d'enfantChun-li
60%
Porte un kimono roseDan
60%
Se bat pour récupérer sa voitureDudley
60%
N'a pas d'élèveGuile
60%
Il est le doyen des combattantsOro
60%
Ne fait pas partie de néo-ShadalooA.K.I
40%
Il est Maire de MetrocityCody
40%
Est une star de cinémaFei Long
40%
Il a 7 fillesHakan
40%
A un père avocatJuri
40%
Est joaillièreMarisa
40%
Résulte du Psycho-pouvoirViolent Ken
40%
Mesure moins de 215cmZangief
40%

Distribution des résultats

Percentile par nombre de réponses

% des personnes avec chaque résultat

Votre développement - résultats

Vous n’avez pas pris ce quiz